000 00518nam a2200217Ia 4500
003 0100
008 130307s9999 xx 000 0 und d
040 _cARRUPELIB
050 _aPN56.M94V5 1966
245 _aMyth and literature
245 _bcontemporary theory and practice
260 _aLincoln
260 _bUniversity of Nebraska Press
260 _c1966
300 _axii
300 _b391p. 26cm.
650 _aLITERATURE
650 _bPsychology
700 _aVickery, John B. (ed.)
942 0 0 _01
999 _c96019
_d96019